Fons d'història local : una base de dades bibliogràfica d'història local de Catalunya una base de dades bibliogràfica d'història local de Catalunya

por Universitat Autònoma de Barcelona. Servei de Documentació d'Història Local de Catalunya

Descripción Física: [4] p. ; 15 x 16 cm

MARC

LEADER 00000nam a2200000Ia 4500
001 14867
008 160829s9999 xx 000 0 cat d
080 |a FU-31-44 
100 |a Universitat Autònoma de Barcelona. Servei de Documentació d'Història Local de Catalunya  |9 25413 
245 |a Fons d'història local :  |b  una base de dades bibliogràfica d'història local de Catalunya 
260 |a [Barcelona :  |b Diputació de Barcelona, Àrea de Cultura, [1997?] 
300 |a [4] p. ;  |c 15 x 16 cm 
590 |a Informació elaborada pel Servei de Documentació d'Història Local de Catalunya.  
590 |a A la contraportada: Servei de Documentació d'Història Local Contemporània de Catalunya, Departament d'Història Moderna i Contemporània, Universitat Autònoma de Barcelona 
650 |a Catalunya  |x Història local  |x Bases de dades  |9 25414 
710 1 |a Barcelona (Catalunya : Província).  |b Àrea de Cultura  |9 53536 
901 |a Arxiu 
942 |n 1 
952 |0 0  |1 0  |4 0  |6 FU3144  |7 1  |9 43606  |a Arxiu  |b Arxiu  |d 2016-12-01  |l 0  |o FU-31-44  |p 14867  |r 2016-12-01 00:00:00  |w 2016-12-01  |y ARXIU 
999 |c 46154  |d 46154